| 000 | 00676nam a22002057a 4500 | ||
|---|---|---|---|
| 003 | 0 | ||
| 005 | 20251104074610.0 | ||
| 008 | 251104b xxu||||| |||| 00| 0 eng d | ||
| 020 | _a978-93-6224-936-4 | ||
| 050 |
_aHD 1375 _b.F86 2025 |
||
| 245 |
_aFundamentals of real estate management / _cNarottam Singh, editor. |
||
| 260 |
_aNew Delhi, India : _bDiscovery Publishing House, _c2025. |
||
| 300 |
_av, 183 pages : _billustrations ; _c25 cm. |
||
| 504 | _aIncludes bibliographical references and index. | ||
| 650 | _aReal estate management. | ||
| 650 |
_aReal property _xManagement. |
||
| 650 | _aReal estate business. | ||
| 650 | _aProperty management. | ||
| 942 |
_2lcc _cBK |
||
| 999 |
_c368426 _d368426 |
||